Programming in Ansi c (Record no. 116128)
[ view plain ]
| 000 -LEADER | |
|---|---|
| fixed length control field | 00538nam a2200265Ia 4500 |
| 008 - FIXED-LENGTH DATA ELEMENTS--GENERAL INFORMATION | |
| fixed length control field | 181205s9999 xx 000 0 und d |
| 020 ## - INTERNATIONAL STANDARD BOOK NUMBER | |
| International Standard Book Number | 0-07-053477-2 |
| 041 ## - LANGUAGE CODE | |
| Language code of text/sound track or separate title | ENGLISH |
| 082 ## - DEWEY DECIMAL CLASSIFICATION NUMBER | |
| Classification number | 681.3.423.12 BAL |
| 100 ## - MAIN ENTRY--PERSONAL NAME | |
| Personal name | Balagurusamy ( E) |
| 100 ## - MAIN ENTRY--PERSONAL NAME | |
| Relator term | AUTHOR |
| 245 #0 - TITLE STATEMENT | |
| Title | Programming in Ansi c |
| 250 ## - EDITION STATEMENT | |
| Edition statement | 3 |
| 260 ## - PUBLICATION, DISTRIBUTION, ETC. | |
| Name of publisher, distributor, etc. | New Delhi |
| 260 ## - PUBLICATION, DISTRIBUTION, ETC. | |
| Date of publication, distribution, etc. | 2005 |
| 260 ## - PUBLICATION, DISTRIBUTION, ETC. | |
| Date of publication, distribution, etc. | TMH |
| 300 ## - PHYSICAL DESCRIPTION | |
| Other physical details | Paper |
| 300 ## - PHYSICAL DESCRIPTION | |
| Accompanying material | Paper Pack |
| 300 ## - PHYSICAL DESCRIPTION | |
| Size of unit | NO |
| 365 ## - TRADE PRICE | |
| Price amount | 0 |
| 365 ## - TRADE PRICE | |
| Price amount | 0 |
| 365 ## - TRADE PRICE | |
| Unit of pricing | 1 |
| 942 ## - ADDED ENTRY ELEMENTS (KOHA) | |
| Koha item type | Books |
| Withdrawn status | Lost status | Damaged status | Not for loan | Home library | Current library | Shelving location | Date acquired | Inventory number | Total Checkouts | Total Renewals | Full call number | Barcode | Date last seen | Date last checked out | Price effective from | Koha item type | Public note |
|---|---|---|---|---|---|---|---|---|---|---|---|---|---|---|---|---|---|
| Kumaraguru College of Technology | Kumaraguru College of Technology | MGCL Shelf No 696-697 | 2012-03-27 | 2012-03-27 | 11 | 2 | 681.3.423.12 BAL | Z 12465 | 2026-04-17 | 2026-04-06 | 2018-12-06 | Books | CSE |